000
00351nam a22001577a 4500
020
_a
81-85099-15-4
041
_a
ENG
100
_a
CHoudhury .A.K
245
_a
Elements of Workshop Technology Vol 2
250
_a
Ninth ED
260
_a
Pune
_b
Media Promoters PUB
_c
1997
300
_a
688
650
_a
FMP
700
_a
Bose .S.K
856
_u
FMP
999
_c
238
_d
238